LEADER 01107nam0-22003971i-450- 001 990009505900403321 005 20111221162844.0 010 $a978-0-13-235850-7 010 $a0-13-235850-6 035 $a000950590 035 $aFED01000950590 035 $a(Aleph)000950590FED01 035 $a000950590 100 $a20111221d2009----km-y0itaa50------ba 101 0 $aeng 102 $aUS 105 $aa---a---001yy 200 1 $aQuantum chemistry$fIra N. Levine 205 $a6th ed. 210 $aUpper Saddle River (N.J.)$cPearson Prentice-Hall$dc2009 215 $ax, 751 p.$cill.$d24 cm 305 $aPearson International Edition 610 0 $aChimica quantistica 676 $a541.28$v21 700 1$aLevine,$bIra N.$027022 801 0$aIT$bUNINA$gRICA$2UNIMARC 901 $aBK 912 $a990009505900403321 952 $a541.28-LEV-2$b7101$fSC1 952 $a541.28-LEV-2A$b7102$fSC1 952 $a541.28-LEV-2B$b7103$fSC1 952 $a541.28-LEV-2C$b7104$fSC1 952 $a541.28-LEV-2D$b7105$fSC1 959 $aSC1 996 $aQuantum chemistry$973625 997 $aUNINA LEADER 00937cam--2200337---450 001 990001328210203316 005 20200408103458.0 035 $a000132821 035 $aUSA01000132821 035 $a(ALEPH)000132821USA01 035 $a000132821 100 $a20040102d1970----km-y0itay0103----ba 101 0 $aita 102 $aIT 105 $a||||||||001yy 200 1 $aOpere$fEmilio Praga$ga cura di Gabriele Catalano 210 $aNapoli$cFulvio Rossi$d1970 215 $a997 p.$d22 cm 676 $a858.8 700 1$aPRAGA,$bEmilio$0170617 702 1$aCATALANO,$bGabriele 801 0$aIT$bsalbc$gISBD 912 $a990001328210203316 951 $aVI.3. Coll.11/ 12(V A coll.1-11 )$b45825 L.M.$cV A 959 $aBK 969 $aUMA 979 $aSIAV3$b10$c20040102$lUSA01$h0910 979 $aPATRY$b90$c20040406$lUSA01$h1734 979 $aCOPAT2$b90$c20060118$lUSA01$h1415 996 $aOpere$9154164 997 $aUNISA LEADER 02519nam 2200601 a 450 001 9910782668103321 005 20230721004559.0 010 $a1-59332-363-8 035 $a(CKB)1000000000704811 035 $a(OCoLC)300291274 035 $a(CaPaEBR)ebrary10430485 035 $a(SSID)ssj0000236734 035 $a(PQKBManifestationID)11235165 035 $a(PQKBTitleCode)TC0000236734 035 $a(PQKBWorkID)10188917 035 $a(PQKB)10032132 035 $a(MiAaPQ)EBC3016877 035 $a(Au-PeEL)EBL3016877 035 $a(CaPaEBR)ebr10430485 035 $a(OCoLC)923650254 035 $a(EXLCZ)991000000000704811 100 $a20080520d2008 uy 0 101 0 $aeng 135 $aurcn||||||||| 181 $ctxt 182 $cc 183 $acr 200 10$aResistance to public school desegregation$b[electronic resource] $eLittle Rock, Arkansas, and beyond /$fFrances Lisa Baer 210 $aNew York $cLFB Scholarly Pub.$d2008 215 $a1 online resource (336 p.) 225 1 $aLaw and society 300 $aBibliographic Level Mode of Issuance: Monograph 311 $a1-59332-260-7 320 $aIncludes bibliographical references (p. 311-318) and index. 327 $aPreparations for compliance in the "city of roses" -- Segregationist Arkansas rear their heads -- James Jackson Kilpatrick, Jr., and the "transcendent issue" -- The citizens' council turns up the heat -- Last ditch attempts at avoidance -- Governor Faubus calls out the guard -- The Little Rock crisis in the eyes of the world and at home -- The "prevailing spirit of defiance" -- The moderates awaken : "massive resistance" after Cooper -- The forces of moderation reclaim the "city of roses". 410 0$aLaw and society (New York, N.Y.) 606 $aDiscrimination in education$zUnited States$xHistory 606 $aSchool integration$zUnited States$xHistory 606 $aDiscrimination in education$zArkansas$zLittle Rock$xHistory 606 $aSchool integration$zArkansas$zLittle Rock$xHistory 615 0$aDiscrimination in education$xHistory. 615 0$aSchool integration$xHistory. 615 0$aDiscrimination in education$xHistory. 615 0$aSchool integration$xHistory. 676 $a379.2/630973 700 $aBaer$b Frances Lisa$f1968-$01561757 801 0$bMiAaPQ 801 1$bMiAaPQ 801 2$bMiAaPQ 906 $aBOOK 912 $a9910782668103321 996 $aResistance to public school desegregation$93828763 997 $aUNINA